00691cam a22002053a 450000100060000000300060000600500170001200800410002904000150007004200070008505000070009210000230009924501500012226000290027250600300030151600200033165300630035183000290041485600420044316536PGUSA20140828083343.0050816s2005||||xxu|||||s|||||000 | eng d aPGUSAbeng adc 4aDA1 aHolinshed, Raphael10aChronicles (1 of 6) :bThe Historie of England (4 of 8) : The Fovrth Booke Of The Historie Of Englandh[electronic resource] /cRaphael Holinshed bProject Gutenberg,c2005 aPublic domain in the USA. aElectronic text aGreat Britain -- History -- Roman period, 55 B.C.-449 A.D. 0aProject Gutenbergv1653640uhttp://www.gutenberg.org/ebooks/16536